000
00232nam a2200097Ia 4500
001
918599
005
20250826185935.0
008
250824s9999 xx 000 0 und d
245
0
_a
BOSTAN
_c
SADİ ŞİRAZİ
260
_b
ANONİM YAYINLARI
999
_c
918599
_d
918599